| 000 | 00337 a2200109 4500 | ||
|---|---|---|---|
| 001 | ART_12660 | ||
| 005 | 20260410161908.0 | ||
| 008 | 260409a | ||
| 245 | 1 | 0 | _aMoney and the price level under the gold standard |
| 100 | 1 | _aBarro, Robert J. | |
| 773 | 0 |
_tThe Economic Journal _g- Vol. 89, NÂș 353 (mar. 1979) _wREV12512 |
|
| 999 |
_c26553 _d26553 |
||